福岡県の難読地名 30コ - Statistics

General Stats
  • This quiz has been taken 104 times
  • The average score is 9 of 30
Answer Stats
漢字 回答 % Correct
門司(北九州市門司区) もじ
99%
宗像(宗像市) むなかた
90%
直方(直方市) のおがた
85%
百道(福岡市早良区) ももち
70%
西新(福岡市早良区) にしじん
66%
沓尾(行橋市) くつお
50%
到津(北九州市小倉北区) いとうづ
46%
永犬丸(北九州市八幡西区) えいのまる
39%
四箇(福岡市早良区) しか
39%
松江(豊前市) しょうえ
37%
糒(田川市) ほしい
30%
木屋瀬(北九州市八幡西区) こやのせ
27%
上津役(北九州市八幡西区) こうじゃく
26%
席田(福岡市博多区) むしろだ
23%
脇田(北九州市若松区) わいた
22%
日佐(福岡市博多区) おさ
21%
櫟野(大牟田市) いちの
18%
許斐町(北九州市小倉北区) このみまち
17%
菜園場(北九州市小倉北区) さえんば
16%
松末(糸島市) ますえ
16%
久福木(大牟田市) くぶき
12%
殖木(久留米市) ふえき
10%
蜑住(北九州市若松区) あますみ
9%
洞南町(北九州市八幡西区) くきなみまち
9%
寒水(朝倉市) そうず
9%
歴木(大牟田市) くぬぎ
6%
怒縄田(大牟田市) ぬなわだ
6%
小正(飯塚市) おばさ
6%
在自(福津市) あらじ
6%
駛馬町(大牟田市) はやめまち
5%
No matching quizzes found
Score Distribution
Percent of People with Each Score
Percentile by Number Answered
Your Score History
You have not taken this quiz